000 00558nam a2200205Ia 4500
003 GCL
008 140319s9999 xx 000 0 ara d
040 _aGCL /
_cGCL
082 0 4 _a782.1
_bو ع
100 1 _aدار الاوبرا
245 1 0 _aعايدة 1994 /
_cدار الاوبرا
700 1 _aوليد عونى
260 _a[S.N] :
_bوزارة الثقافة ،
_c1994
300 _a157 ص
490 _a
650 0 4 _aالاوبرا
650 0 4 _aالموسيقى الايطالية
650 0 4 _aاوبرا عايدة
942 _2ddc
_cBK
999 _c36091
_d36091